000 00472nam a22001577a 4500
008 190226b xxu||||| |||| 00| 0 eng d
022 _a0304-405X
245 _aCarry
_cKoijen, Ralph; Moskowitz, Tobias; Pedersen, Lasse Heje; Vrugt, Evert
260 _aAmsterdam
_bELSEVIER
_cFebruary 2018
300 _apages 197-225
440 _aJournal of Financial Economics
_v127(2)
_x0304-405X
690 _aCarry Trade
690 _aStocks
690 _aBonds
942 _2lcc
_cSE
999 _c361285
_d361285